000
00295nam a2200145Ia 4500
100
_a
Jain/ Raj
942
_c
BK
654
_a
Computer
245
_a
FDDI Handbook
260
_b
Addison Wesley Pub
_a
Reading
_c
1994
082
_a
4.62
_b
JAI
300
_a
528
546
_a
ENGLISH
999
_c
35017
_d
35017